Normal view MARC view

Entry Personal Name

Number of records used in: 1

001 - CONTROL NUMBER

  • control field: 201989

003 - CONTROL NUMBER IDENTIFIER

  • control field: OSt

005 - DATE AND TIME OF LATEST TRANSACTION

  • control field: 20250222114005.0

008 - FIXED-LENGTH DATA ELEMENTS

  • fixed length control field: 250222|| aca||aabn | a|a d

040 ## - CATALOGING SOURCE

  • Original cataloging agency: OSt
  • Transcribing agency: OSt

100 ## - HEADING--PERSONAL NAME

  • Personal name: BASAVALINGA SOPPIMATHA,Ed.
  • Dates associated with a name: ಬಸವಲಿಂಗ ಸೊಪ್ಪಿಮಠ

670 ## - SOURCE DATA FOUND

  • Source citation: Work cat.: (OSt)104524: BASAVALINGA SOPPIMATHA,Ed. ಬಸವಲಿಂಗ ಸೊಪ್ಪಿಮಠ , Kodikalla vachanavakya:samputa 1., 1998